| 000 | 00685nam a22002057a 4500 | ||
|---|---|---|---|
| 999 |
_c759 _d759 |
||
| 003 | AR-CdUCM | ||
| 008 | 190225b ||||| |||| 00| 0 spa d | ||
| 040 |
_aMUNICIPALIDAD PROVINCIAL DEL CUSCO _cBIBLIOTECA MUNICIPAL DEL CUSCO |
||
| 082 |
_a209.222 / _bS25 |
||
| 100 |
_aRidolfi, Roberto _92909 |
||
| 245 | _aLa vida de Jeronimo Savonarola / | ||
| 260 |
_aMexico : _bEdit. Mexico DF, _c1960 |
||
| 300 |
_a478 paginas ; _c22 cm. |
||
| 505 | _aNacimiento -- Estudios --Vocación --Primeros años de Claustro --La reforma de San Marcos ... | ||
| 650 |
_aBiografia _9437 |
||
| 650 |
_aCristianismo _92910 |
||
| 650 |
_aIdeologia _91078 |
||
| 942 |
_2ddc _cLIBROS |
||
| 945 |
_arjall _d2019-02-25 |
||